| 000 | 00376nam a2200157Ia 4500 | ||
|---|---|---|---|
| 008 | 210716s2000 xx 000 0 und d | ||
| 020 | _a8173711402 | ||
| 041 | _aeng | ||
| 082 | _a338.5 SHAR | ||
| 100 | _aShastri, Rahul A. | ||
| 245 | _aMicroeconomics theory. | ||
| 250 | _a1 | ||
| 260 |
_aNew Delhi _bUniversities Press _c2000 |
||
| 300 | _axx,306 | ||
| 650 | _aEconomics | ||
| 999 |
_c198880 _d198880 |
||